000 00643nam a2200181 i 4500
001 27037
003 ES-MaACL
005 20230906153540.0
007 t|
008 030113s1953 sp ||||1| spa d
100 1 _aArribas Palau, Mariano.
_923295
245 1 4 _aUna embajada marroquí enviada a España en 1792 /
_cpor Mariano Arribas Palau.
260 _aTetuán :
_b[s.n.,
_c1953] (
_fImp. Cremades)
300 _a47 p. ;
_c22 cm.
500 _aPrecede a tít.: Alta Comisaría de España en Marruecos. Centro de Estudios Marroquíes.
710 2 _aCentro de Estudios Marroquíes (Tetuán)
_92656
852 _aES-MaACL
_j1996-F-11
_bR.38855
999 _c27037
_d27037